Estudio histórico de la sublevación de Nápoles capitaneada por Masanielo con sus antecedentes y consecuencias hasta el reestablecimiento del gobierno español

Guardat en:
Dades bibliogràfiques
Autor principal: Rivas, Duque de (Autor)
Format: Llibre
Idioma:espanyol
Publicat: Buenos Aires, Argentina Espasa-Calpe 1946
Matèries:
Etiquetes: Afegir etiqueta
Sense etiquetes, Sigues el primer a etiquetar aquest registre!

MARC

LEADER 00000nam a2200000 a 4500
001 UCQ7131
003 CL-VaPUC
005 20200429114337.0
008 981031e19460000AG |||||||||||||||||spa|d
999 |c 276894  |d 276892 
040 |c Pontificia Universidad Católica de Valparaíso 
082 0 4 |a 946.052 RIV 1946  |2 21 
100 0 |a Rivas, Duque de  |e author  |9 318968 
245 1 0 |a Estudio histórico de la sublevación de Nápoles capitaneada por Masanielo con sus antecedentes y consecuencias hasta el reestablecimiento del gobierno español 
260 |a Buenos Aires, Argentina  |b Espasa-Calpe  |c 1946 
300 |a 244 páginas 
583 |a last modification  |c 19981031 00:00:00  |k Rodrigo Vera 
600 0 7 |a ANIELLO, TOMAS  |2 CL-VaPUC  |9 420967 
600 0 7 |a FELIPE IV  |2 CL-VaPUC  |9 378349  |z ESPAÑA 
650 7 |a HISTORIA DE ESPAÑA  |2 CL-VaPUC  |9 318788  |y SIGLO 17 
650 7 |a SUBLEVACION DE NAPOLES  |2 CL-VaPUC  |9 420968 
852 |a BIBCUR 
942 |c BK  |2 ddc 
945 |d 19981031 00:00:00  |a crobeson 
952 |0 0  |1 0  |2 ddc  |4 0  |6 946_052000000000000_RIV_1946  |7 0  |8 A  |9 314493  |a BIBEDU  |b BIBEDU  |d 2019-11-20  |i 1486748  |o 946.052 RIV 1946  |p 1486748  |r 2019-11-20  |t 2  |w 2019-11-20  |y BK  |k LIT 
952 |0 0  |1 0  |2 ddc  |4 0  |6 946_052000000000000_RIV_1946  |7 0  |8 X  |9 314494  |a BIBHIS  |b BIBHIS  |d 2019-11-20  |i 1383728  |o 946.052 RIV 1946  |p 1383728  |r 2024-01-30  |t 1  |w 2019-11-20  |y BK_X  |k HIS